Transfery Warty Poznań w letnim okienku transferowym 2021/22 - Statystyki

Ogólne statystyki
  • Ten quiz został rozwiązany 8 razy
  • Średni wynik to 4 z 7
Statystyki odpowiedzi
Cena Pozycja Narodowość Poprzedni Klub Piłkarz % Poprawnych
Za darmo Lewy napastnik Belgia AS Trencin Corryn
86%
Za darmo Ofensywny pomocnik Polska Lazio U19 Czyż
86%
? Bramkarz Polska Pogoń Szczecin Grobelny
86%
? Środkowy obrońca Polska Miedź Legnica Pleśnierowicz
43%
? Lewy obrońca Polska Legia II Warszawa Matuszewski
29%
? Ofensywny pomocnik Francja Amiens Papeau
29%
? Środkowy napastnik Polska Zagłębie Sosnowiec Sangowski
0%
Nie znaleziono quizów pasujących do podanych kryteriów
Rozkład punktacji
Procent ludzi z każdym wynikiem
Percentyl według liczby udzielonych odpowiedzi
Twoja historia wyników
Nie rozwiązałeś tego quizu